000 00636nam a2200181Ia 4500
003 GCL
008 140319s9999 xx 000 0 ara d
040 _aGCL /
_cGCL
082 0 4 _a239.7
_bب ن
100 1 _aعائشة عبدالرحمن
245 1 0 _aنساء النبى عليه الصلاه والسلام /
_cعائشة عبدالرحمن
260 _a[S.N] :
_bدار الهلال للطباعة والنشر ،
_c1954
300 _a193 ص
490 _aسلسلة دار الهلال
_v0
650 0 4 _aزوجات النبى صلى الله عليه وسلم
650 0 4 _aالمرأة فى الاسلام
942 _2ddc
_cBK
999 _c36689
_d36689